[Event "Festival INGEM - PLZEŇ 2013"]
[Site "Plzeň (Česká republika)"]
[Date "2013.08.17"]
[Round "1.1"]
[White "Neuman, Petr"]
[Black "Halla, Jiri"]
[Result "1-0"]
[WhiteElo "2516"]
[BlackElo "1816"]
[PlyCount "81"]
[EventDate "2013.08.17"]
[Source "ChessBase"]
[SourceDate "1996.11.15"]

1. d4 Nf6 2. c4 g6 3. Nc3 Bg7 4. e4 d6 5. Nf3 O-O 6. Be2 e5 7. Be3 Nc6 8. d5
Ne7 9. Nd2 Nd7 10. b4 f5 11. f3 Nf6 12. c5 f4 13. Bf2 g5 14. Nc4 Ne8 15. a4 Ng6
16. Qb3 h5 17. h3 Rf7 18. cxd6 cxd6 19. Nb5 b6 20. a5 Ba6 21. Nbxd6 Bxc4 22.
Nxc4 b5 23. Nb2 Nd6 24. Nd3 Rc8 25. Nc5 Qf6 26. a6 Rb8 27. Ne6 Rc8 28. Nc5 Rb8
29. Rc1 Rc7 30. O-O Rbc8 31. Qb1 Qf7 32. Ne6 Rc3 33. Rxc3 Rxc3 34. Rc1 Rxc1+
35. Qxc1 g4 36. Qc6 Nxe4 37. fxe4 f3 38. Ng5 Qf6 39. Qxf6 Bxf6 40. Nxf3 gxf3
41. Bxf3 1-0

[Event "Festival INGEM - PLZEŇ 2013"]
[Site "Plzeň (Česká republika)"]
[Date "2013.08.17"]
[Round "1.2"]
[White "Sroubova, Lenka"]
[Black "Plischki, Sebastian"]
[Result "0-1"]
[WhiteElo "1802"]
[BlackElo "2421"]
[PlyCount "90"]
[EventDate "2013.08.17"]
[Source "ChessBase"]
[SourceDate "1996.11.15"]

1. Nf3 d5 2. g3 Bg4 3. Bg2 Nd7 4. O-O Ngf6 5. d3 e5 6. Nbd2 Be7 7. e4 dxe4 8.
dxe4 c6 9. b3 O-O 10. Bb2 Qc7 11. Qe2 Rfe8 12. Nc4 Bf8 13. h3 Bh5 14. g4 Bg6
15. Nh4 b5 16. Nxg6 hxg6 17. Nd2 Nc5 18. Rfd1 Ne6 19. Nf3 Nd7 20. a4 a6 21. Bf1
f6 22. Bc3 Ndc5 23. axb5 cxb5 24. Ba5 Qc6 25. Re1 Nf4 26. Qe3 Nce6 27. Rec1 Bc5
28. Qe1 Rec8 29. Bd2 Rd8 30. c3 Rd3 31. Bxd3 Nxd3 32. Qe2 Bxf2+ 33. Kh1 Nxc1
34. Rxc1 Bg3 35. Be3 Qxe4 36. Rc2 Rd8 37. Bf2 Qxe2 38. Rxe2 Rd3 39. Bxg3 Rxf3
40. Be1 Nf4 41. Re4 Rxh3+ 42. Kg1 Kf7 43. g5 Ke6 44. Bd2 Kf5 45. Re1 Kxg5 0-1

[Event "Festival INGEM - PLZEŇ 2013"]
[Site "Plzeň (Česká republika)"]
[Date "2013.08.17"]
[Round "1.3"]
[White "Vlasak, Lukas"]
[Black "Berka, Lubos"]
[Result "1-0"]
[WhiteElo "2339"]
[BlackElo "1800"]
[PlyCount "45"]
[EventDate "2013.08.17"]
[Source "ChessBase"]
[SourceDate "1996.11.15"]

1. e4 c6 2. d4 d5 3. e5 Bf5 4. Nc3 e6 5. g4 Bg6 6. Nge2 h6 7. Be3 Nd7 8. Qd2
Qa5 9. Nf4 Ne7 10. a3 a6 11. Bd3 Bxd3 12. Nxd3 Ng6 13. O-O Qc7 14. f4 Nh4 15.
Qf2 Be7 16. f5 exf5 17. gxf5 Bg5 18. Bf4 Qd8 19. Bg3 Rg8 20. e6 fxe6 21. fxe6
Rf8 22. exd7+ Kxd7 23. Ne5+ 1-0

[Event "Festival INGEM - PLZEŇ 2013"]
[Site "Plzeň (Česká republika)"]
[Date "2013.08.17"]
[Round "1.5"]
[White "Ruzicka, Tomas"]
[Black "Docekal, Jan"]
[Result "0-1"]
[WhiteElo "1782"]
[BlackElo "2306"]
[PlyCount "70"]
[EventDate "2013.08.17"]
[Source "ChessBase"]
[SourceDate "1996.11.15"]

1. e4 c5 2. f4 d6 3. Nf3 Nc6 4. Bb5 Bd7 5. O-O Nf6 6. Nc3 a6 7. Bxc6 Bxc6 8. e5
Nd5 9. Ng5 e6 10. Nce4 Be7 11. Qh5 g6 12. Qh6 c4 13. Qg7 Qb6+ 14. Kh1 O-O-O 15.
Nxf7 Qd4 16. Nexd6+ Bxd6 17. c3 Qd3 18. Rf3 Qe2 19. h3 Qe1+ 20. Kh2 Bc5 21. d4
Rdg8 22. Qh6 Ne7 23. Re3 Qf2 24. Qg5 Nf5 25. dxc5 Nxe3 26. Bxe3 Qxe3 27. Nxh8
Rxh8 28. Rd1 Rf8 29. Rf1 Qe2 30. Rg1 Qf2 31. Qe7 Qxf4+ 32. Kh1 Qf5 33. Kh2
Qxe5+ 34. Kh1 Bxg2+ 35. Kxg2 Qe4+ 0-1

[Event "Festival INGEM - PLZEŇ 2013"]
[Site "Plzeň (Česká republika)"]
[Date "2013.08.17"]
[Round "1.6"]
[White "Jurek, Josef"]
[Black "Heidebreck, Rainer"]
[Result "1/2-1/2"]
[WhiteElo "2276"]
[BlackElo "1761"]
[PlyCount "81"]
[EventDate "2013.08.17"]
[Source "ChessBase"]
[SourceDate "1996.11.15"]

1. Nf3 g6 2. d4 Bg7 3. c4 c5 4. d5 Nf6 5. Nc3 O-O 6. e4 d6 7. h3 Nbd7 8. Bd3
Ne8 9. O-O Ne5 10. Nxe5 Bxe5 11. Be3 Bg7 12. f4 e6 13. e5 b6 14. Be4 Rb8 15.
Nb5 exd5 16. Bxd5 Bb7 17. Nxa7 dxe5 18. Qf3 Bxd5 19. cxd5 Rb7 20. Nc6 Qd6 21.
fxe5 Bxe5 22. Nxe5 Qxe5 23. Bh6 Ng7 24. Rad1 Rd7 25. d6 Rfd8 26. Rfe1 Qf5 27.
Qc6 Ne6 28. Rd5 Nd4 29. Rxf5 Nxc6 30. Rf6 Nd4 31. Re7 Nf5 32. Rfxf7 Rxd6 33.
Rb7 Nxh6 34. Rg7+ Kf8 35. Rxh7 g5 36. Rhg7 Re8 37. Rxg5 Re7 38. Rb8+ Kf7 39.
Rh8 Ree6 40. Rh7+ Kf8 41. Rgg7 1/2-1/2

[Event "Festival INGEM - PLZEŇ 2013"]
[Site "Plzeň (Česká republika)"]
[Date "2013.08.17"]
[Round "1.7"]
[White "Gabrys, Lukas"]
[Black "Bartos, Jan"]
[Result "0-1"]
[WhiteElo "1759"]
[BlackElo "2265"]
[PlyCount "64"]
[EventDate "2013.08.17"]
[Source "ChessBase"]
[SourceDate "1996.11.15"]

1. e4 g6 2. d4 Bg7 3. Nc3 d6 4. f4 a6 5. Nf3 b5 6. Bd3 Bb7 7. O-O Nd7 8. e5 c5
9. exd6 cxd4 10. dxe7 Nxe7 11. Ne4 Qb6 12. Ng3 O-O 13. f5 Nc5 14. Bg5 Nxd3 15.
Qxd3 Nd5 16. Rae1 Rfe8 17. fxg6 hxg6 18. Kh1 Ne3 19. Rf2 Qc5 20. Bf4 Nd5 21.
Bd2 Nb4 22. Bxb4 Qxb4 23. Rfe2 Rxe2 24. Rxe2 Qxb2 25. Re7 Bd5 26. Qe2 Qa1+ 27.
Qe1 Qxe1+ 28. Rxe1 Bxa2 29. Rd1 Rc8 30. Nxd4 Bxd4 31. Rxd4 Rxc2 32. h3 a5 0-1

[Event "Festival INGEM - PLZEŇ 2013"]
[Site "Plzeň (Česká republika)"]
[Date "2013.08.17"]
[Round "1.8"]
[White "Klement, Lukas"]
[Black "Kocandova, Martina"]
[Result "1-0"]
[WhiteElo "2241"]
[BlackElo "1743"]
[PlyCount "83"]
[EventDate "2013.08.17"]
[Source "ChessBase"]
[SourceDate "1996.11.15"]

1. d4 Nf6 2. c4 g6 3. Nc3 Bg7 4. e4 d6 5. f3 O-O 6. Be3 c6 7. Bd3 e5 8. d5 Ne8
9. Qd2 f5 10. Nge2 f4 11. Bf2 Bh6 12. c5 g5 13. O-O-O cxd5 14. exd5 Qe7 15. Ne4
Bf5 16. N2c3 Na6 17. g4 Bxe4 18. Nxe4 Rc8 19. h4 Nxc5 20. Bxc5 gxh4 21. Kb1
Rxc5 22. Nxc5 dxc5 23. Bc2 Nd6 24. Qf2 Bg5 25. Qxc5 b6 26. Qc3 Rc8 27. Qd3 Qg7
28. Rc1 Bf6 29. g5 e4 30. gxf6 exd3 31. fxg7 dxc2+ 32. Rxc2 Rxc2 33. Kxc2 Nf5
34. Rxh4 Ne3+ 35. Kd3 Nxd5 36. Kd4 Nc7 37. Rg4 Ne6+ 38. Ke5 Nc5 39. Kxf4 Nd3+
40. Kf5 h5 41. Rg1 Nf2 42. Kf6 1-0

[Event "Festival INGEM - PLZEŇ 2013"]
[Site "Plzeň (Česká republika)"]
[Date "2013.08.17"]
[Round "1.9"]
[White "Novy, Jan"]
[Black "Haba, Zdenek"]
[Result "0-1"]
[WhiteElo "1727"]
[BlackElo "2241"]
[PlyCount "46"]
[EventDate "2013.08.17"]
[Source "ChessBase"]
[SourceDate "1996.11.15"]

1. c4 g6 2. g3 Bg7 3. Bg2 e5 4. Nc3 Nc6 5. d3 d6 6. Nf3 f5 7. O-O Nf6 8. Re1
O-O 9. Rb1 a5 10. a3 h6 11. Bd2 Be6 12. h3 Qd7 13. Qc1 g5 14. Kh2 f4 15. e3
fxe3 16. fxe3 g4 17. Nh4 gxh3 18. Bf3 Ng4+ 19. Kg1 Bf6 20. Bd5 Bxh4 21. gxh4
Bxd5 22. cxd5 Qg7 23. e4 Ne3+ 0-1

[Event "Festival INGEM - PLZEŇ 2013"]
[Site "Plzeň (Česká republika)"]
[Date "2013.08.17"]
[Round "1.10"]
[White "Sabuk, Piotr"]
[Black "Hrdlicka, Vaclav"]
[Result "1-0"]
[WhiteElo "2239"]
[BlackElo "1725"]
[PlyCount "65"]
[EventDate "2013.08.17"]
[Source "ChessBase"]
[SourceDate "1996.11.15"]

1. d4 d5 2. c4 e6 3. Nf3 Nf6 4. g3 Be7 5. Bg2 Nbd7 6. O-O O-O 7. Qc2 c6 8. Rd1
dxc4 9. Qxc4 Nb6 10. Qc2 Nbd7 11. e4 Qa5 12. Bd2 Qh5 13. h3 e5 14. g4 Nxg4 15.
hxg4 Qxg4 16. dxe5 Nc5 17. Nc3 f5 18. Nh2 Qg6 19. Kh1 Bh4 20. Be3 b6 21. b4 f4
22. Bxc5 bxc5 23. Bf3 Bh3 24. Rd6 Qf7 25. Rxc6 Rae8 26. Rg1 Rxe5 27. Rxc5 Rxc5
28. bxc5 h5 29. Qe2 g6 30. Bxh5 f3 31. Nxf3 Qf4 32. Nd5 Qf7 33. Rxg6+ 1-0

[Event "Festival INGEM - PLZEŇ 2013"]
[Site "Plzeň (Česká republika)"]
[Date "2013.08.17"]
[Round "1.11"]
[White "Lorenc, David"]
[Black "Siembab, Bartosz"]
[Result "0-1"]
[WhiteElo "1715"]
[BlackElo "2223"]
[PlyCount "48"]
[EventDate "2013.08.17"]
[Source "ChessBase"]
[SourceDate "1996.11.15"]

1. e4 c5 2. Nf3 d6 3. d4 cxd4 4. Nxd4 Nf6 5. Nc3 a6 6. Bg5 e6 7. f4 Qb6 8. Qd2
Qxb2 9. Rb1 Qa3 10. Bxf6 gxf6 11. f5 Nc6 12. Bc4 Bh6 13. Qd3 Ne5 14. Bb5+ axb5
15. Qxb5+ Bd7 16. Qb3 Qxb3 17. Rxb3 Rg8 18. g3 Rc8 19. Rf1 Ke7 20. Nce2 b5 21.
Nxb5 Rxc2 22. a4 Ra2 23. Nec3 Nd3+ 24. Kd1 Rd2# 0-1

[Event "Festival INGEM - PLZEŇ 2013"]
[Site "Plzeň (Česká republika)"]
[Date "2013.08.17"]
[Round "1.12"]
[White "Folk, Petr"]
[Black "Simet, Martin"]
[Result "1-0"]
[WhiteElo "2218"]
[BlackElo "1708"]
[Annotator "Petr,Herejk"]
[PlyCount "48"]
[EventDate "2013.08.17"]
[Source "ChessBase"]
[SourceDate "1996.11.15"]

1. e4 c5 2. Nf3 d6 3. d4 cxd4 4. Nxd4 Nf6 5. Nc3 g6 6. Be3 Bg7 7. f3 O-O 8. Qd2
Nc6 9. O-O-O Bd7 10. g4 h5 11. gxh5 Nxh5 12. Kb1 Rc8 13. Rg1 Ne5 14. Bh6 a6 15.
Bxg7 Kxg7 16. f4 Nc4 17. Bxc4 Rxc4 18. f5 e6 19. Qe2 Rc5 20. Qxh5 exf5 21. exf5
Rh8 22. Rxg6+ fxg6 23. Qxg6+ Kf8 24. Ne6+ Bxe6 1-0

[Event "Festival INGEM - PLZEŇ 2013"]
[Site "Plzeň (Česká republika)"]
[Date "2013.08.17"]
[Round "1.13"]
[White "Zoubek, Vladimir"]
[Black "Fiala, Jaroslav"]
[Result "0-1"]
[WhiteElo "1675"]
[BlackElo "2193"]
[PlyCount "129"]
[EventDate "2013.08.17"]
[Source "ChessBase"]
[SourceDate "1996.11.15"]

1. d4 Nf6 2. c4 g6 3. Nc3 Bg7 4. Nf3 O-O 5. e4 d6 6. Bg5 Na6 7. Qd2 c5 8. Bh6
cxd4 9. Nxd4 Bxh6 10. Qxh6 Qb6 11. Qd2 Nc5 12. f3 Ne6 13. Nxe6 Bxe6 14. Nd5
Bxd5 15. cxd5 Rac8 16. Rc1 Nd7 17. Rc3 Rxc3 18. Qxc3 f5 19. Bd3 fxe4 20. Bxe4
Nf6 21. Rf1 a5 22. b3 Qa7 23. Ke2 b5 24. Qe3 Qa6 25. Rc1 b4+ 26. Qd3 Qb7 27.
Rc6 Qd7 28. h3 Nxe4 29. Qxe4 Rf5 30. Qe6+ Qxe6+ 31. dxe6 Kg7 32. Rc8 Kf6 33.
Rh8 h5 34. Rf8+ Kxe6 35. Rg8 Re5+ 36. Kd3 g5 37. Kc4 h4 38. Kd4 Rc5 39. Kd3 Kf5
40. Rf8+ Ke5 41. Kd2 Kd4 42. Rf7 e6 43. Rf6 Ke5 44. Rf8 Rd5+ 45. Ke2 Kd4 46.
Kd2 Rf5 47. Re8 e5 48. Rc8 d5 49. Ke2 e4 50. Ra8 Re5 51. Rxa5 e3 52. Rb5 Kc3
53. Rc5+ Kb2 54. Rb5 Kxa2 55. Rxb4 Kb2 56. Rd4 Kxb3 57. Rd3+ Kc4 58. Ra3 d4 59.
Rd3 Ra5 60. Rd1 Ra2+ 61. Ke1 d3 62. f4 gxf4 63. g3 hxg3 64. Rc1+ Kd4 65. Kf1
0-1

[Event "Festival INGEM - PLZEŇ 2013"]
[Site "Plzeň (Česká republika)"]
[Date "2013.08.17"]
[Round "1.14"]
[White "Pokrupa, Marek"]
[Black "Holy, Filip"]
[Result "1/2-1/2"]
[WhiteElo "2192"]
[BlackElo "1660"]
[PlyCount "80"]
[EventDate "2013.08.17"]
[Source "ChessBase"]
[SourceDate "1996.11.15"]

1. Nf3 d5 2. c4 c6 3. g3 Nf6 4. Bg2 e6 5. b3 Nbd7 6. O-O Bd6 7. d4 O-O 8. Nc3
Re8 9. Qc2 a6 10. e4 dxe4 11. Nxe4 Nxe4 12. Qxe4 Nf6 13. Qc2 Bd7 14. Bb2 b5 15.
Rfd1 Qe7 16. Ne5 Rec8 17. Qe2 Rab8 18. c5 Bxe5 19. dxe5 Nd5 20. Rac1 Rc7 21. h4
Ra7 22. Be4 a5 23. a3 Bc8 24. Bd3 Rba8 25. Kg2 Ba6 26. Qe4 g6 27. Bb1 Kg7 28.
Rh1 h5 29. Rc2 b4 30. a4 Rd8 31. Bc1 Bd3 32. Qf3 Bxc2 33. Bg5 f6 34. exf6+ Nxf6
35. Bxc2 Rc7 36. Re1 Qf7 37. Qf4 Rdd7 38. Bh6+ Kh7 39. Bg5 Kg7 40. Bh6+ Kh7
1/2-1/2

[Event "Festival INGEM - PLZEŇ 2013"]
[Site "Plzeň (Česká republika)"]
[Date "2013.08.17"]
[Round "1.15"]
[White "Kellner, Rene"]
[Black "Kozak, Milos"]
[Result "0-1"]
[WhiteElo "1660"]
[BlackElo "2178"]
[PlyCount "44"]
[EventDate "2013.08.17"]
[Source "ChessBase"]
[SourceDate "1996.11.15"]

1. c4 e6 2. Nc3 d5 3. cxd5 exd5 4. d4 Nf6 5. Nf3 c6 6. g3 Bd6 7. Bg2 O-O 8. O-O
Re8 9. e3 Bf5 10. a3 h6 11. b4 Ne4 12. Nxe4 Bxe4 13. Bb2 Nd7 14. Nd2 Bxg2 15.
Kxg2 Nf6 16. Qb3 Qe7 17. a4 a6 18. Nf3 Ne4 19. Rfd1 Qf6 20. b5 axb5 21. axb5
Rxa1 22. Rxa1 Qxf3+ 0-1

[Event "Festival INGEM - PLZEŇ 2013"]
[Site "Plzeň (Česká republika)"]
[Date "2013.08.17"]
[Round "1.16"]
[White "Simunek, Filip"]
[Black "Stanek, Vaclav"]
[Result "1-0"]
[WhiteElo "2129"]
[BlackElo "1645"]
[PlyCount "49"]
[EventDate "2013.08.17"]
[Source "ChessBase"]
[SourceDate "1996.11.15"]

1. d4 Nf6 2. Nf3 e6 3. c4 d5 4. g3 c6 5. Bg2 g6 6. b3 Bg7 7. Ba3 Qa5+ 8. Nfd2
Nfd7 9. Bb2 O-O 10. O-O c5 11. cxd5 cxd4 12. Nc4 Qa6 13. dxe6 Qxe6 14. Bxd4
Bxd4 15. Qxd4 Nc6 16. Qb2 Nde5 17. Nba3 Nxc4 18. Nxc4 b5 19. Ne3 Bd7 20. Nd5
Qe5 21. Qxe5 Nxe5 22. Nf6+ Kg7 23. Nxd7 Nxd7 24. Bxa8 Rxa8 25. Rac1 1-0

[Event "Festival INGEM - PLZEŇ 2013"]
[Site "Plzeň (Česká republika)"]
[Date "2013.08.17"]
[Round "1.17"]
[White "Zach, Tomas"]
[Black "Eretova, Jana"]
[Result "0-1"]
[WhiteElo "1644"]
[BlackElo "2093"]
[PlyCount "36"]
[EventDate "2013.08.17"]
[Source "ChessBase"]
[SourceDate "1996.11.15"]

1. d4 g6 2. e4 Bg7 3. Nf3 d6 4. Nc3 c6 5. Be3 Nf6 6. h3 b5 7. a3 Qa5 8. Bd3
Nbd7 9. O-O e5 10. b4 Qc7 11. dxe5 dxe5 12. Qd2 O-O 13. Rac1 Rd8 14. Rfd1 Nf8
15. Ne2 Nxe4 16. Qe1 Nd6 17. Bc5 f5 18. Nh2 e4 0-1

[Event "Festival INGEM - PLZEŇ 2013"]
[Site "Plzeň (Česká republika)"]
[Date "2013.08.17"]
[Round "1.18"]
[White "Kozusek, Daniel"]
[Black "Truksa, Vaclav"]
[Result "1-0"]
[WhiteElo "2078"]
[BlackElo "1637"]
[Annotator "Petr,Herejk"]
[PlyCount "53"]
[EventDate "2013.08.17"]
[Source "ChessBase"]
[SourceDate "1996.11.15"]

1. e4 c5 2. Nf3 d6 3. d4 cxd4 4. Nxd4 Nf6 5. Nc3 a6 6. Bg5 Nbd7 7. f4 Qc7 8.
Qe2 h6 9. Bh4 g5 10. fxg5 hxg5 11. Bxg5 Qc5 12. Nf3 Ng4 13. O-O-O Nde5 14. Nd5
f6 15. b4 Qc6 16. Nd4 Qa4 17. Bf4 Qxa2 18. Nb3 Be6 19. Nc7+ Kf7 20. Nxe6 Kxe6
21. Qxg4+ Nxg4 22. Bc4+ Kd7 23. Nc5+ Kc6 24. Bxa2 dxc5 25. Bd5+ Kb5 26. c4+
Kxb4 27. Kc2 1-0

[Event "Festival INGEM - PLZEŇ 2013"]
[Site "Plzeň (Česká republika)"]
[Date "2013.08.17"]
[Round "1.19"]
[White "Smrckova, Svetlana"]
[Black "Vojir, Vaclav"]
[Result "1/2-1/2"]
[WhiteElo "1607"]
[BlackElo "1667"]
[PlyCount "75"]
[EventDate "2013.08.17"]
[Source "ChessBase"]
[SourceDate "1996.11.15"]

1. e4 c6 2. d4 d5 3. Nc3 dxe4 4. Nxe4 Bf5 5. Ng3 Bg6 6. Nf3 Nd7 7. Bc4 Ngf6 8.
O-O e6 9. Bg5 Be7 10. Nh4 O-O 11. Nxg6 hxg6 12. c3 Nb6 13. Bb3 Qc7 14. Qf3 Rad8
15. Ne2 a5 16. Nf4 Nbd5 17. Rfe1 Nxf4 18. Bxf4 Bd6 19. Bxd6 Qxd6 20. Qh3 Qf4
21. Re2 Qg4 22. Qd3 Qf5 23. Qd2 c5 24. Re5 Qg4 25. Bd1 Qh4 26. Bf3 b6 27. g3
Qh7 28. Rd1 cxd4 29. cxd4 Rd6 30. Qf4 Rfd8 31. d5 Qh6 32. Qc4 exd5 33. Bxd5
Rxd5 34. Rdxd5 Rxd5 35. Rxd5 Nxd5 36. Qxd5 Qc1+ 37. Kg2 Qxb2 38. Qd8+ 1/2-1/2

[Event "Festival INGEM - PLZEŇ 2013"]
[Site "Plzeň (Česká republika)"]
[Date "2013.08.17"]
[Round "1.20"]
[White "Kopriva, Petr"]
[Black "Furbacher, Milan"]
[Result "1/2-1/2"]
[WhiteElo "2061"]
[BlackElo "1599"]
[PlyCount "43"]
[EventDate "2013.08.17"]
[Source "ChessBase"]
[SourceDate "1996.11.15"]

1. Nf3 d5 2. d4 Nf6 3. c4 e6 4. Nc3 Be7 5. Bg5 O-O 6. e3 Nbd7 7. Rc1 b6 8. cxd5
exd5 9. Bd3 c5 10. O-O Bb7 11. Bb1 Re8 12. Qb3 c4 13. Qc2 a6 14. a4 Rc8 15. Ne5
g6 16. f4 Ne4 17. Nxe4 dxe4 18. Bxe7 Qxe7 19. Qd2 b5 20. Nxd7 Qxd7 21. Qb4 f5
22. b3 1/2-1/2

[Event "Festival INGEM - PLZEŇ 2013"]
[Site "Plzeň (Česká republika)"]
[Date "2013.08.17"]
[Round "1.21"]
[White "Jesensky, Jaromir"]
[Black "Sura, Jaroslav"]
[Result "0-1"]
[WhiteElo "1578"]
[BlackElo "2050"]
[PlyCount "42"]
[EventDate "2013.08.17"]
[Source "ChessBase"]
[SourceDate "1996.11.15"]

1. e4 g6 2. d4 Bg7 3. Nc3 a6 4. a4 d6 5. Be3 Nf6 6. f3 Nbd7 7. Qd2 e5 8. dxe5
Nxe5 9. Bh6 Bxh6 10. Qxh6 Be6 11. Nge2 Qe7 12. Nd4 O-O-O 13. Nxe6 fxe6 14. Be2
d5 15. Qf4 Nc6 16. Bd3 d4 17. Ne2 Nh5 18. Qd2 Qh4+ 19. g3 Qf6 20. b4 Qxf3 21.
b5 Qxh1+ 0-1

[Event "Festival INGEM - PLZEŇ 2013"]
[Site "Plzeň (Česká republika)"]
[Date "2013.08.17"]
[Round "1.22"]
[White "Sladek, Jaroslav"]
[Black "Brunova, Blanka"]
[Result "1-0"]
[WhiteElo "2034"]
[BlackElo "1576"]
[PlyCount "45"]
[EventDate "2013.08.17"]
[Source "ChessBase"]
[SourceDate "1996.11.15"]

1. e4 c5 2. Nf3 Nc6 3. c3 Nf6 4. e5 Nd5 5. d4 cxd4 6. cxd4 g6 7. Nc3 Nxc3 8.
bxc3 d5 9. exd6 Qxd6 10. Bc4 Bg7 11. O-O O-O 12. a4 Bg4 13. h3 Bf5 14. Re1 Rfd8
15. Ng5 e6 16. g4 Ne5 17. Bf4 Qe7 18. gxf5 Nxc4 19. fxe6 Qf6 20. exf7+ Kh8 21.
Qg4 h5 22. Qg3 Rd5 23. Re8+ 1-0

[Event "Festival INGEM - PLZEŇ 2013"]
[Site "Plzeň (Česká republika)"]
[Date "2013.08.17"]
[Round "1.23"]
[White "Kovarik, Matyas"]
[Black "Novy, Daniel"]
[Result "1/2-1/2"]
[WhiteElo "1562"]
[BlackElo "2021"]
[PlyCount "87"]
[EventDate "2013.08.17"]
[Source "ChessBase"]
[SourceDate "1996.11.15"]

1. e4 c5 2. Nf3 e6 3. d4 cxd4 4. Nxd4 a6 5. Bd3 Nc6 6. Nf3 Nf6 7. O-O d6 8. Nc3
Be7 9. Bd2 Qc7 10. Qe2 Bd7 11. Rfe1 Rc8 12. e5 dxe5 13. Nxe5 Nxe5 14. Bf4 Bc6
15. Bxe5 Bd6 16. Rad1 Bxe5 17. Qxe5 Qxe5 18. Rxe5 Ke7 19. Re2 h5 20. Red2 g5
21. Re1 g4 22. Be4 Nxe4 23. Nxe4 Rhd8 24. Rxd8 Rxd8 25. Nc3 Rd2 26. Re2 Rd4 27.
Re1 f5 28. Rd1 Rxd1+ 29. Nxd1 Kd6 30. Nc3 Kc5 31. Kf1 b5 32. Ne2 Be8 33. Nf4 e5
34. Nd3+ Kd4 35. Ke2 a5 36. c3+ Kd5 37. Ne1 h4 38. Nc2 Bh5 39. Ne3+ Ke4 40. Nf1
Bf7 41. Nd2+ Kd5 42. Nb3 a4 43. Nd2 e4 44. g3 1/2-1/2

[Event "Festival INGEM - PLZEŇ 2013"]
[Site "Plzeň (Česká republika)"]
[Date "2013.08.17"]
[Round "1.24"]
[White "Goldobin, Tomas"]
[Black "Fakan, Petr"]
[Result "1-0"]
[WhiteElo "2019"]
[BlackElo "1490"]
[PlyCount "45"]
[EventDate "2013.08.17"]
[Source "ChessBase"]
[SourceDate "1996.11.15"]

1. Nf3 g6 2. d4 Bg7 3. e4 d6 4. Bc4 Nc6 5. O-O Nf6 6. Nc3 O-O 7. d5 Ne5 8. Nxe5
dxe5 9. f3 c6 10. Be3 cxd5 11. Nxd5 Nxd5 12. Bxd5 e6 13. Bb3 Qe7 14. Qe2 Bd7
15. Rfd1 f5 16. Qc4 Rfd8 17. Qc7 fxe4 18. fxe4 Rac8 19. Qxb7 Bf8 20. Qxa7 Bc6
21. Qxe7 Bxe7 22. Bxe6+ Kg7 23. Bxc8 1-0

[Event "Festival INGEM - PLZEŇ 2013"]
[Site "Plzeň (Česká republika)"]
[Date "2013.08.17"]
[Round "1.25"]
[White "Bruna, Martin"]
[Black "Mares, Vaclav"]
[Result "0-1"]
[WhiteElo "1435"]
[BlackElo "2010"]
[PlyCount "38"]
[EventDate "2013.08.17"]
[Source "ChessBase"]
[SourceDate "1996.11.15"]

1. e4 e5 2. Nf3 Nc6 3. Bc4 Nf6 4. O-O Be7 5. d3 O-O 6. Be3 d5 7. exd5 Nxd5 8.
Bxd5 Qxd5 9. Nc3 Qd8 10. d4 Bg4 11. dxe5 Qxd1 12. Raxd1 Bxf3 13. gxf3 Nxe5 14.
f4 Nc4 15. Rd7 Bd6 16. Nb5 Rfd8 17. Nxd6 Nxe3 18. Rxc7 Nxf1 19. Nxb7 Rd1 0-1

[Event "Festival INGEM - PLZEŇ 2013"]
[Site "Plzeň (Česká republika)"]
[Date "2013.08.18"]
[Round "2.1"]
[White "Sura, Jaroslav"]
[Black "Neuman, Petr"]
[Result "1/2-1/2"]
[WhiteElo "2050"]
[BlackElo "2516"]
[PlyCount "87"]
[EventDate "2013.08.17"]
[Source "ChessBase"]
[SourceDate "1996.11.15"]

1. e4 g6 2. d4 Bg7 3. Nc3 d6 4. Be3 a6 5. Bd3 Nd7 6. Qd2 b5 7. f3 c5 8. d5 Ne5
9. Nd1 e6 10. Bg5 f6 11. Bh4 exd5 12. exd5 Ne7 13. f4 Nxd3+ 14. Qxd3 Nf5 15.
Nf3 Qe7+ 16. Kf2 O-O 17. Re1 Qf7 18. Ne3 Nxe3 19. Rxe3 g5 20. Bg3 g4 21. Ne1 f5
22. c3 Bf6 23. Nc2 h5 24. Kg1 h4 25. Bf2 Bd7 26. Rae1 Rae8 27. Rxe8 Rxe8 28.
Rxe8+ Qxe8 29. Ne3 Qh5 30. a4 h3 31. g3 Qf7 32. axb5 axb5 33. b3 Kf8 34. Kf1
Qe8 35. c4 b4 36. Qb1 Bd4 37. Ke2 Kf7 38. Qd3 Qa8 39. Qb1 Kf6 40. Nc2 Bc3 41.
Bg1 Kg6 42. Bf2 Qh8 43. Kf1 Qe8 44. Ne3 1/2-1/2

[Event "Festival INGEM - PLZEŇ 2013"]
[Site "Plzeň (Česká republika)"]
[Date "2013.08.18"]
[Round "2.2"]
[White "Plischki, Sebastian"]
[Black "Sladek, Jaroslav"]
[Result "1-0"]
[WhiteElo "2421"]
[BlackElo "2034"]
[PlyCount "53"]
[EventDate "2013.08.17"]
[Source "ChessBase"]
[SourceDate "1996.11.15"]

1. c4 e5 2. g3 Nf6 3. Bg2 c6 4. d4 Bb4+ 5. Bd2 Bxd2+ 6. Qxd2 exd4 7. Qxd4 d5 8.
cxd5 cxd5 9. Nf3 Nc6 10. Qd3 O-O 11. O-O Nb4 12. Qb3 Qe7 13. Nc3 Be6 14. Nd4
Rac8 15. Rad1 Rfd8 16. Nxe6 fxe6 17. Bh3 Rc6 18. e4 Kf8 19. Rfe1 d4 20. e5 Ne8
21. Nb5 d3 22. Re4 Rb6 23. Rxb4 Qc5 24. Rf4+ Ke7 25. Nd6 Qxe5 26. Rf7+ Kxd6 27.
Rxd3+ 1-0

[Event "Festival INGEM - PLZEŇ 2013"]
[Site "Plzeň (Česká republika)"]
[Date "2013.08.18"]
[Round "2.3"]
[White "Mares, Vaclav"]
[Black "Vlasak, Lukas"]
[Result "0-1"]
[WhiteElo "2010"]
[BlackElo "2339"]
[PlyCount "70"]
[EventDate "2013.08.17"]
[Source "ChessBase"]
[SourceDate "1996.11.15"]

1. e4 c5 2. Nf3 d6 3. d4 cxd4 4. Nxd4 Nf6 5. Nc3 Nc6 6. Bg5 Bd7 7. Qd2 Rc8 8.
Be2 Qa5 9. Nb3 Qc7 10. f4 a6 11. a3 e6 12. O-O-O Be7 13. g4 h6 14. Bxf6 gxf6
15. h4 Na5 16. Nxa5 Qxa5 17. g5 Bc6 18. Bd3 hxg5 19. hxg5 Rxh1 20. Rxh1 fxg5
21. Rh5 Qc5 22. Kb1 Kd7 23. fxg5 f6 24. Qe2 fxg5 25. Qg4 Rf8 26. Rh6 Rf6 27.
Rh7 Rf4 28. Qh3 Rh4 29. Rxh4 gxh4 30. Ne2 Qe5 31. Qg4 Bf6 32. c3 Qg5 33. Qh3
Ke7 34. Bc4 Bxe4+ 35. Ka2 Bd5 0-1

[Event "Festival INGEM - PLZEŇ 2013"]
[Site "Plzeň (Česká republika)"]
[Date "2013.08.18"]
[Round "2.4"]
[White "Docekal, Jan"]
[Black "Goldobin, Tomas"]
[Result "1-0"]
[WhiteElo "2306"]
[BlackElo "2019"]
[PlyCount "75"]
[EventDate "2013.08.17"]
[Source "ChessBase"]
[SourceDate "1996.11.15"]

1. e4 c6 2. d4 d5 3. exd5 cxd5 4. c4 Nf6 5. Nc3 Nc6 6. Nf3 Bg4 7. cxd5 Nxd5 8.
Qb3 Bxf3 9. gxf3 Nb6 10. d5 Nd4 11. Qd1 e5 12. dxe6 fxe6 13. Be3 Nc6 14. Qb3
Bb4 15. Qxe6+ Qe7 16. Bh3 Rd8 17. Rd1 Rxd1+ 18. Kxd1 Bxc3 19. bxc3 Qxe6 20.
Bxe6 Ke7 21. Bb3 Rd8+ 22. Ke2 h6 23. Rb1 Nc8 24. Ba4 Na5 25. Rb5 b6 26. Re5+
Kf7 27. Re4 Nd6 28. Rd4 Ke7 29. Rg4 g5 30. h4 gxh4 31. Rg7+ Kf8 32. Rxa7 Nf5
33. Bxb6 Rd2+ 34. Kxd2 Nc4+ 35. Ke2 Nxb6 36. Bb3 Ke8 37. Ra5 Ng7 38. Ra6 1-0

[Event "Festival INGEM - PLZEŇ 2013"]
[Site "Plzeň (Česká republika)"]
[Date "2013.08.18"]
[Round "2.5"]
[White "Bartos, Jan"]
[Black "Cecil, Pavel"]
[Result "1/2-1/2"]
[WhiteElo "2265"]
[BlackElo "1941"]
[PlyCount "83"]
[EventDate "2013.08.17"]
[Source "ChessBase"]
[SourceDate "1996.11.15"]

1. d4 d5 2. c4 e6 3. Nf3 Nf6 4. Nc3 Nbd7 5. Bg5 h6 6. Bh4 c6 7. e3 a5 8. Nd2
Be7 9. Bd3 e5 10. cxd5 Nxd5 11. Bxe7 Nxe7 12. Nc4 Qc7 13. Bc2 O-O 14. O-O exd4
15. Qxd4 Nf6 16. Qd6 Qxd6 17. Nxd6 b6 18. Nxc8 Raxc8 19. Rfd1 Rfd8 20. Kf1 Kf8
21. Ke2 Ke8 22. e4 Nd7 23. f4 f6 24. Ke3 Nf8 25. Bb3 Rd7 26. Rxd7 Nxd7 27. Be6
Rd8 28. Rd1 Nc8 29. Ne2 c5 30. Nc3 Nb8 31. Nd5 Nc6 32. Bg4 Kf7 33. Rc1 N8e7 34.
Nc7 Nd4 35. e5 fxe5 36. fxe5 Nd5+ 37. Nxd5 Rxd5 38. Ke4 Rd8 39. b4 Nc6 40. e6+
Ke7 41. bxc5 Rd4+ 42. Ke3 1/2-1/2